[Event "Olomouc Summer op 20th"]
[Site "Olomouc"]
[Date "2017.08.13"]
[Round "3"]
[White "Fogel, Pierre"]
[Black "Szotkowski, David"]
[Result "1/2-1/2"]
[WhiteElo "2106"]
[BlackElo "1883"]
[PlyCount "55"]
[EventDate "2017.08.12"]
[EventType "swiss"]
[EventRounds "9"]
[EventCountry "CZE"]
[SourceTitle "CBM 180 Extra"]
[Source "ChessBase"]
[SourceDate "2017.10.06"]
[SourceVersion "1"]
[SourceVersionDate "2017.10.06"]
[SourceQuality "1"]

1. c4 c5 2. Nc3 g6 3. g3 Bg7 4. Bg2 Nf6 5. Nf3 0-0 6. 0-0 d6 7. d4 Nc6 8. dxc5 dxc5 9. Be3 Be6 10. Bxc5 Bxc4 11. Qa4 Be6 12. Rfd1 Qc8 13. Qa3 Re8 14. Rac1 Bh3 15. Bh1 Qc7 16. Nb5 Qc8 17. Nbd4 e5 18. Nxc6 bxc6 19. Qa4 Nd5 20. Ba3 Bd7 21. Nd2 Nb6 22. Qc2 Nd5 23. Ne4 Qd8 24. Nc5 Bh6 25. Ra1 Bh3 26. Bg2 Bxg2 27. Kxg2 Qf6 28. Qe4 1/2-1/2

[Event "Olomouc Summer op 20th"]
[Site "Olomouc"]
[Date "2017.08.12"]
[Round "1"]
[White "Fogel, Pierre"]
[Black "Thrish, Karthik"]
[Result "1-0"]
[WhiteElo "2106"]
[BlackElo "1746"]
[PlyCount "139"]
[EventDate "2017.08.12"]
[EventType "swiss"]
[EventRounds "9"]
[EventCountry "CZE"]
[SourceTitle "CBM 180 Extra"]
[Source "ChessBase"]
[SourceDate "2017.10.06"]
[SourceVersion "1"]
[SourceVersionDate "2017.10.06"]
[SourceQuality "1"]

1. Nf3 g6 2. d4 Nf6 3. c4 Bg7 4. Nc3 0-0 5. g3 d6 6. Bg2 Nbd7 7. 0-0 e5 8. e4 c6 9. h3 Qb6 10. d5 cxd5 11. cxd5 Nc5 12. Qe2 Bd7 13. Be3 Rfc8 14. Rfc1 Qa6 15. Qxa6 Nxa6 16. Nd2 Nc5 17. Bf1 Ne8 18. b4 Na6 19. a3 Nac7 20. f3 f5 21. g4 f4 22. Bf2 g5 23. Bd3 Bf6 24. Nb3 b6 25. a4 Bd8 26. Kf1 Nf6 27. Ke1 Kf8 28. Kd2 Nce8 29. b5 h5 30. Be2 h4 31. a5 Ke7 32. Ra2 Rab8 33. axb6 Bxb6 34. Bxb6 axb6 35. Ra6 Nc7 36. Ra7 Kd8 37. Rca1 Ra8 38. Rxa8 Rxa8 39. Rxa8+ Nxa8 40. Kd3 Ne8 41. Kc4 Nec7 42. Na1 Kc8 43. Nc2 Be8 44. Nb4 Kb8 45. Nc6+ Bxc6 46. dxc6 Kc8 47. Nd5 Kd8 48. Nc3 Ke7 49. Kb4 Ke8 50. Bc4 Kf8 51. Na4 Kg7 52. Be2 Kf8 53. Bc4 Kg7 54. Bb3 Kf8 55. Nb2 Ne8 56. Be6 Nac7 57. Bd5 Ke7 58. Nc4 Na8 59. Nb2 Nac7 60. Bg8 Kf8 61. Bh7 Ne6 62. Nc4 Ke7 63. Bf5 Nd4 64. Bc8 Nxf3 65. Bb7 Nc7 66. Nxb6 Nd4 67. Nd5+ Kd8 68. b6 Nxc6+ 69. Bxc6 Nxd5+ 70. Bxd5 1-0

[Event "Prague Summer op 4th"]
[Site "Prague"]
[Date "2017.08.06"]
[Round "4"]
[White "Kohtz, Andreas"]
[Black "Fogel, Pierre"]
[Result "0-1"]
[WhiteElo "1946"]
[BlackElo "2106"]
[PlyCount "42"]
[EventDate "2017.08.04"]
[EventType "swiss"]
[EventRounds "9"]
[EventCountry "CZE"]
[SourceTitle "CBM 179 Extra"]
[Source "ChessBase"]
[SourceDate "2017.08.23"]
[SourceVersion "1"]
[SourceVersionDate "2017.08.23"]
[SourceQuality "1"]

1. d4 d5 2. Bf4 Nf6 3. e3 c5 4. c3 Nc6 5. Nd2 e6 6. Ngf3 Bd6 7. Bg3 0-0 8. Bd3 b6 9. Ne5 Bb7 10. f4 Ne7 11. 0-0 Ne4 12. Bh4 f6 13. Nec4 Nf5 14. Bf2 Nxf2 15. Kxf2 dxc4 16. Bxc4 Bd5 17. Bd3 cxd4 18. e4 dxc3 19. bxc3 Bc5+ 20. Ke1 Ne3 21. Qh5 Bc6 0-1

[Event "Liberec op 17th"]
[Site "Liberec"]
[Date "2017.03.01"]
[Round "6"]
[White "Fogel, Pierre"]
[Black "Ivanov, Mikhail M"]
[Result "0-1"]
[WhiteElo "2103"]
[BlackElo "2414"]
[PlyCount "36"]
[EventDate "2017.02.25"]
[EventType "swiss"]
[EventRounds "9"]
[EventCountry "CZE"]
[SourceTitle "CBM 177 Extra"]
[Source "ChessBase"]
[SourceDate "2017.04.27"]
[SourceVersion "1"]
[SourceVersionDate "2017.04.27"]
[SourceQuality "1"]

1. d4 g6 2. c4 Bg7 3. Nf3 c5 4. g3 cxd4 5. Nxd4 Nc6 6. Nb3 a5 7. a4 d6 8. Nc3 Be6 9. Nd5 Ne5 10. Nd2 Rc8 11. e4 Nf6 12. Be2 Nxd5 13. exd5 Bh3 14. f4 Nd7 15. Ra2 Qb6 16. Bf3 Nc5 17. Qc2 Bf5 18. Ne4 Nb3 0-1

[Event "Liberec op 17th"]
[Site "Liberec"]
[Date "2017.02.25"]
[Round "1"]
[White "Wrzecionko, David"]
[Black "Fogel, Pierre"]
[Result "0-1"]
[WhiteElo "1688"]
[BlackElo "2103"]
[PlyCount "64"]
[EventDate "2017.02.25"]
[EventType "swiss"]
[EventRounds "9"]
[EventCountry "CZE"]
[SourceTitle "CBM 177 Extra"]
[Source "ChessBase"]
[SourceDate "2017.04.27"]
[SourceVersion "1"]
[SourceVersionDate "2017.04.27"]
[SourceQuality "1"]

1. b3 e5 2. Bb2 Nc6 3. e3 Nf6 4. d3 d5 5. Nf3 Bd6 6. g3 0-0 7. Bg2 Bg4 8. Qc1 h6 9. Nbd2 Re8 10. 0-0 Qd7 11. c4 Nb4 12. Ne1 Be2 13. a3 Nxd3 14. Nxd3 Bxd3 15. Rd1 c6 16. h3 Be2 17. Re1 Bh5 18. c5 Bc7 19. b4 Rac8 20. Kh2 Qf5 21. f3 Qe6 22. Nf1 b6 23. cxb6 Bxb6 24. Qd2 c5 25. f4 exf4 26. exf4 Ne4 27. Bxe4 dxe4 28. Ne3 Bf3 29. Ng2 cxb4 30. Qxb4 Rc2 31. Rg1 Bxg1+ 32. Rxg1 Qa2 0-1

[Event "Plzen op 8th"]
[Site "Plzen"]
[Date "2016.10.14"]
[Round "6"]
[White "Kallstrom, Michael"]
[Black "Fogel, Pierre"]
[Result "1/2-1/2"]
[WhiteElo "1791"]
[BlackElo "2082"]
[PlyCount "128"]
[EventDate "2016.10.09"]
[EventType "swiss"]
[EventRounds "7"]
[EventCountry "CZE"]
[SourceTitle "EXT 2017"]
[Source "ChessBase"]
[SourceDate "2016.10.25"]
[SourceVersion "1"]
[SourceVersionDate "2016.10.25"]
[SourceQuality "1"]

1. e4 c5 2. Nf3 e6 3. d4 cxd4 4. Nxd4 Nc6 5. Nc3 Qc7 6. Be3 a6 7. Qd2 Nf6 8. f4 d6 9. Be2 Be7 10. Nb3 b5 11. a3 Bb7 12. 0-0 0-0 13. Bf3 Rfe8 14. Qf2 Nd7 15. Rad1 Na5 16. Nxa5 Qxa5 17. e5 Bxf3 18. Qxf3 Qc7 19. exd6 Bxd6 20. Ne4 Be7 21. Rd2 Nf6 22. Bd4 Nxe4 23. Qxe4 Bc5 24. Bxc5 Qxc5+ 25. Qd4 Qxd4+ 26. Rxd4 Rac8 27. Rf2 Rc6 28. Rfd2 Kf8 29. Rd7 Rec8 30. c3 R8c7 31. Kf2 h5 32. Ke2 Ke8 33. Rxc7 Rxc7 34. Rd6 Ra7 35. Ke3 Ke7 36. Rb6 Kd7 37. Rb8 Kd6 38. Kd4 Rd7 39. Ke3 Kc5 40. Rc8+ Kb6 41. c4 bxc4 42. Rxc4 a5 43. g3 Kb5 44. Rc8 g6 45. Rc2 Ka4 46. Rc8 Rb7 47. Rc2 Rb5 48. Ke4 Kb3 49. Rd2 Rd5 50. Re2 a4 51. h3 Rd1 52. Ke5 Rb1 53. Kf6 Rxb2 54. Re3+ Ka2 55. Kxf7 Rb3 56. Re2+ Kxa3 57. Kxg6 Rxg3+ 58. Kxh5 Rxh3+ 59. Kg5 Rg3+ 60. Kf6 Rf3 61. Re4 Kb3 62. Kxe6 a3 63. f5 Rf1 64. Re3+ Kb2 1/2-1/2

[Event "Prague Summer op-A 3rd"]
[Site "Prague"]
[Date "2016.08.09"]
[Round "6"]
[White "Radionov, Timur"]
[Black "Fogel, Pierre"]
[Result "1/2-1/2"]
[WhiteElo "2285"]
[BlackElo "2126"]
[PlyCount "65"]
[EventDate "2016.08.05"]
[EventType "swiss"]
[EventRounds "9"]
[EventCountry "CZE"]
[SourceTitle "CBM 173 Extra"]
[Source "ChessBase"]
[SourceDate "2016.08.29"]
[SourceVersion "1"]
[SourceVersionDate "2016.08.29"]
[SourceQuality "1"]

1. e4 c5 2. Nc3 e6 3. Nge2 a6 4. g3 b5 5. Bg2 Bb7 6. 0-0 Nf6 7. d3 d5 8. exd5 Nxd5 9. Nxd5 Bxd5 10. Nf4 Bxg2 11. Kxg2 Be7 12. Qg4 0-0 13. Re1 Nd7 14. Nh5 g6 15. Bh6 f5 16. Qe2 gxh5 17. Bxf8 Nxf8 18. Qxh5 Bf6 19. Rab1 Qd5+ 20. Qf3 Rd8 21. Qxd5 Rxd5 22. f4 Kf7 23. Kf3 Nd7 24. Re2 Rd6 25. h3 Nb6 26. g4 c4 27. dxc4 Nxc4 28. Rbe1 Bh4 29. Rg1 Nxb2 30. gxf5 exf5 31. Re5 Rc6 32. Rxf5+ Bf6 33. Rh5 1/2-1/2

[Event "Liberec op 16th"]
[Site "Liberec"]
[Date "2016.02.19"]
[Round "8"]
[White "Fogel, Pierre"]
[Black "Plischki, Sebastian"]
[Result "0-1"]
[WhiteElo "2086"]
[BlackElo "2381"]
[PlyCount "64"]
[EventDate "2016.02.13"]
[EventType "swiss"]
[EventRounds "9"]
[EventCountry "CZE"]
[SourceTitle "CBM 170 Extra"]
[Source "ChessBase"]
[SourceDate "2016.02.25"]
[SourceVersion "1"]
[SourceVersionDate "2016.02.25"]
[SourceQuality "1"]

1. Nf3 Nf6 2. c4 b6 3. g3 Bb7 4. Bg2 c5 5. 0-0 g6 6. b3 Bg7 7. Bb2 0-0 8. d4 cxd4 9. Nxd4 Bxg2 10. Kxg2 Qc8 11. Nc3 Qb7+ 12. Nf3 d6 13. Qd2 Nbd7 14. Kg1 a6 15. Rfd1 b5 16. cxb5 axb5 17. Nd5 Rfe8 18. Nxf6+ Nxf6 19. Rdb1 b4 20. a3 bxa3 21. Rxa3 Rxa3 22. Bxa3 Ne4 23. Qb4 Qa8 24. Rc1 Nc3 25. Rxc3 Bxc3 26. Qxc3 Qxa3 27. Qc6 Qa8 28. Qd7 Qc8 29. Qa4 e5 30. Ng5 d5 31. Qh4 h5 32. h3 Kg7 0-1

[Event "Liberec op 16th"]
[Site "Liberec"]
[Date "2016.02.18"]
[Round "7"]
[White "Chudinovskih, Alexander N"]
[Black "Fogel, Pierre"]
[Result "0-1"]
[WhiteElo "2257"]
[BlackElo "2086"]
[PlyCount "108"]
[EventDate "2016.02.13"]
[EventType "swiss"]
[EventRounds "9"]
[EventCountry "CZE"]
[SourceTitle "CBM 170 Extra"]
[Source "ChessBase"]
[SourceDate "2016.02.25"]
[SourceVersion "1"]
[SourceVersionDate "2016.02.25"]
[SourceQuality "1"]

1. d4 d5 2. Nf3 Nf6 3. c4 e6 4. Nc3 Be7 5. Bf4 0-0 6. e3 Nbd7 7. Bd3 c5 8. 0-0 dxc4 9. Bxc4 Nb6 10. Bb3 Nbd5 11. Nxd5 Nxd5 12. Be5 b6 13. Qe2 cxd4 14. Nxd4 Bb7 15. e4 Nf4 16. Bxf4 Qxd4 17. Rfe1 Bf6 18. Rad1 Qxb2 19. Rd2 Qc3 20. e5 Qc6 21. Qg4 h5 22. Qh3 Be7 23. Rc2 Bc5 24. Rc3 Rfd8 25. Rg3 Rd4 26. Qh4 Be7 27. Qxe7 Rxf4 28. Qg5 Rg4 29. Rxg4 hxg4 30. Qxg4 Rd8 31. h4 Rd2 32. h5 b5 33. Re3 Qc1+ 34. Kh2 Rxf2 35. Rg3 Qh6 36. Bd1 Rf4 37. Qe2 Rh4+ 38. Kg1 Qc1 39. Rd3 Qc5+ 40. Qe3 Qxe3+ 41. Rxe3 Re4 42. Kf2 Rxe3 43. Kxe3 Bxg2 44. Kd4 Bf1 45. Kc5 Bc4 46. a3 a6 47. a4 Bd5 48. Bc2 f6 49. exf6 gxf6 50. Kb6 b4 51. Kxa6 b3 52. Bb1 f5 53. Bd3 f4 54. Kb6 Bc4 0-1

[Event "Liberec op 16th"]
[Site "Liberec"]
[Date "2016.02.13"]
[Round "1"]
[White "Kopecky, Zdenek"]
[Black "Fogel, Pierre"]
[Result "0-1"]
[WhiteElo "1654"]
[BlackElo "2086"]
[PlyCount "74"]
[EventDate "2016.02.13"]
[EventType "swiss"]
[EventRounds "9"]
[EventCountry "CZE"]
[SourceTitle "CBM 170 Extra"]
[Source "ChessBase"]
[SourceDate "2016.02.25"]
[SourceVersion "1"]
[SourceVersionDate "2016.02.25"]
[SourceQuality "1"]

1. d4 d5 2. c4 e6 3. Nc3 Be7 4. Nf3 Nf6 5. Bg5 h6 6. Bh4 0-0 7. e3 b6 8. cxd5 Nxd5 9. Nxd5 exd5 10. Bxe7 Qxe7 11. Be2 Be6 12. 0-0 c5 13. b3 a5 14. Bb5 Rc8 15. Rc1 Nc6 16. Qd2 Rc7 17. h3 Na7 18. Be2 Nc8 19. Ne5 a4 20. dxc5 bxc5 21. Nf3 axb3 22. axb3 Nd6 23. Qb2 Rb8 24. Qc2 Ne4 25. Bd3 f5 26. Bxe4 fxe4 27. Nd2 Rf8 28. Qc3 Qg5 29. Kh2 Rf6 30. f3 exf3 31. Nxf3 Qh5 32. Qa5 Rcf7 33. Qd2 Bxh3 34. gxh3 Rxf3 35. Rxf3 Rxf3 36. Qg2 Qe5+ 37. Kh1 Qxe3 0-1

[Event "Prague op-A 14th"]
[Site "Prague"]
[Date "2015.01.15"]
[Round "8"]
[White "Lundin, Jan"]
[Black "Fogel, Pierre"]
[Result "1-0"]
[WhiteElo "2271"]
[BlackElo "2103"]
[PlyCount "81"]
[EventDate "2015.01.09"]
[EventType "swiss"]
[EventRounds "9"]
[EventCountry "CZE"]
[SourceTitle "CBM 164 Extra"]
[Source "ChessBase"]
[SourceDate "2015.03.02"]
[SourceVersion "1"]
[SourceVersionDate "2015.03.02"]
[SourceQuality "1"]

1. f4 c5 2. Nf3 Nc6 3. g3 g6 4. Bg2 Bg7 5. 0-0 Nf6 6. d3 d5 7. c3 0-0 8. Na3 b6 9. Rb1 Bb7 10. Bd2 a5 11. Nc2 Ne8 12. Ne3 e6 13. a4 Ra7 14. Qb3 Nd6 15. Rbd1 Qc7 16. g4 Ne7 17. g5 Ba6 18. Ne5 h6 19. gxh6 Bxh6 20. Rf3 Rb7 21. Qc2 Rbb8 22. N3g4 Bg7 23. Rh3 Nc6 24. e4 dxe4 25. dxe4 Nc4 26. Nxc6 Qxc6 27. e5 Qc7 28. Bc1 b5 29. axb5 Bxb5 30. b3 Nb6 31. c4 Bc6 32. Bxc6 Qxc6 33. Nf6+ Bxf6 34. exf6 Rfd8 35. Re1 Qd6 36. Qg2 Qd4+ 37. Kh1 a4 38. Qg5 Nd7 39. Rh8+ Kxh8 40. Qh6+ Kg8 41. Qg7# 1-0

[Event "Prague op-A 14th"]
[Site "Prague"]
[Date "2015.01.14"]
[Round "7"]
[White "Fogel, Pierre"]
[Black "Stojkovic, Andreja"]
[Result "1-0"]
[WhiteElo "2103"]
[BlackElo "1959"]
[PlyCount "115"]
[EventDate "2015.01.09"]
[EventType "swiss"]
[EventRounds "9"]
[EventCountry "CZE"]
[SourceTitle "CBM 164 Extra"]
[Source "ChessBase"]
[SourceDate "2015.03.02"]
[SourceVersion "1"]
[SourceVersionDate "2015.03.02"]
[SourceQuality "1"]

1. Nf3 g6 2. d4 Bg7 3. g3 Nf6 4. Bg2 c5 5. 0-0 cxd4 6. Nxd4 0-0 7. c4 Nc6 8. Nc3 a6 9. Nc2 Ne5 10. b3 d6 11. Bb2 Rb8 12. a4 Bg4 13. h3 Bd7 14. e4 Re8 15. Ne3 Bc6 16. b4 Bd7 17. Qe2 Nc6 18. Ncd5 Nxd5 19. exd5 Nd4 20. Qd1 Nf3+ 21. Qxf3 Bxb2 22. Rab1 Bg7 23. a5 Rc8 24. h4 h5 25. Rfc1 Bh6 26. c5 dxc5 27. bxc5 Qxa5 28. Rxb7 Bg4 29. Qe4 Rxc5 30. Rxc5 Qxc5 31. Nxg4 hxg4 32. Qxg4 a5 33. h5 Bg7 34. hxg6 fxg6 35. Qxg6 Rf8 36. Qe6+ Kh8 37. Qxe7 Qxf2+ 38. Kh2 Qf6 39. Qxf6 Bxf6 40. Ra7 Bc3 41. d6 Rd8 42. d7 Kg7 43. Bh3 Kf7 44. Kg2 Ke7 45. Kf3 Be1 46. Bf5 Rb8 47. g4 Bb4 48. Ke4 Bd2 49. Kd5 Bb4 50. Ra6 Bd2 51. Rg6 a4 52. Ra6 a3 53. Rxa3 Bf4 54. Ra6 Bg5 55. Re6+ Kf7 56. Re8 Rd8 57. Kc6 Be7 58. Kc7 1-0

[Event "Prague op-A 14th"]
[Site "Prague"]
[Date "2015.01.10"]
[Round "2"]
[White "Weinzettl, Ernst"]
[Black "Fogel, Pierre"]
[Result "1-0"]
[WhiteElo "2324"]
[BlackElo "2103"]
[PlyCount "37"]
[EventDate "2015.01.09"]
[EventType "swiss"]
[EventRounds "9"]
[EventCountry "CZE"]
[SourceTitle "CBM 164 Extra"]
[Source "ChessBase"]
[SourceDate "2015.03.02"]
[SourceVersion "1"]
[SourceVersionDate "2015.03.02"]
[SourceQuality "1"]

1. e4 c5 2. Nf3 e6 3. d4 cxd4 4. Nxd4 Nc6 5. Nc3 Qc7 6. Be3 a6 7. Qf3 g6 8. Qg3 Qxg3 9. hxg3 Bg7 10. 0-0-0 b5 11. Nb3 Nge7 12. Nc5 f5 13. Be2 Bxc3 14. bxc3 d5 15. exd5 Nxd5 16. Bf3 Nce7 17. Bd4 0-0 18. Rde1 Rd8 19. Rxh7 1-0

[Event "Prague Summer op 1st"]
[Site "Prague"]
[Date "2014.08.15"]
[Round "8"]
[White "Fogel, Pierre"]
[Black "Krutsky, Martin"]
[Result "1-0"]
[WhiteElo "2105"]
[BlackElo "1921"]
[PlyCount "55"]
[EventDate "2014.08.09"]
[EventType "swiss"]
[EventRounds "9"]
[EventCountry "CZE"]
[SourceTitle "CBM 162 Extra"]
[Source "ChessBase"]
[SourceDate "2014.10.17"]
[SourceVersion "1"]
[SourceVersionDate "2014.10.17"]
[SourceQuality "1"]

1. d4 d5 2. Nf3 Nf6 3. c4 c6 4. e3 Bf5 5. Nc3 e6 6. Nh4 Bg6 7. Be2 Be7 8. 0-0 0-0 9. Nxg6 hxg6 10. Qb3 Qb6 11. c5 Qc7 12. Bd2 Nbd7 13. Qc2 e5 14. f4 exd4 15. exd4 Rfe8 16. Rae1 Ne4 17. Nxe4 dxe4 18. Bc4 Nf6 19. f5 gxf5 20. Rxf5 Qd7 21. Ref1 Qxd4+ 22. Kh1 e3 23. Be1 Rf8 24. R1f4 Qd7 25. Rh4 g6 26. Rxf6 Kg7 27. Bxf7 Rxf7 28. Qxg6+ 1-0

[Event "Prague Summer op 1st"]
[Site "Prague"]
[Date "2014.08.12"]
[Round "5"]
[White "Karaoulanis, Dimitrios"]
[Black "Fogel, Pierre"]
[Result "0-1"]
[WhiteElo "1949"]
[BlackElo "2105"]
[PlyCount "48"]
[EventDate "2014.08.09"]
[EventType "swiss"]
[EventRounds "9"]
[EventCountry "CZE"]
[SourceTitle "CBM 162 Extra"]
[Source "ChessBase"]
[SourceDate "2014.10.17"]
[SourceVersion "1"]
[SourceVersionDate "2014.10.17"]
[SourceQuality "1"]

1. e4 c5 2. Nf3 e6 3. d4 cxd4 4. Nxd4 Nc6 5. Nc3 Qc7 6. Be3 a6 7. Nxc6 bxc6 8. Bd3 Nf6 9. 0-0 d5 10. h3 Be7 11. f4 0-0 12. e5 Nd7 13. Na4 c5 14. c4 d4 15. Bd2 Bb7 16. b3 g6 17. Qe2 f6 18. exf6 Rxf6 19. f5 gxf5 20. Bxf5 exf5 21. Qxe7 Qc6 22. Rf2 Rg6 23. Qe2 Nf6 24. Kf1 Ne4 0-1

[Event "Prague Summer op 1st"]
[Site "Prague"]
[Date "2014.08.10"]
[Round "2"]
[White "Fogel, Pierre"]
[Black "Laubrock, Paul"]
[Result "1-0"]
[WhiteElo "2105"]
[BlackElo "1780"]
[PlyCount "41"]
[EventDate "2014.08.09"]
[EventType "swiss"]
[EventRounds "9"]
[EventCountry "CZE"]
[SourceTitle "CBM 162 Extra"]
[Source "ChessBase"]
[SourceDate "2014.10.17"]
[SourceVersion "1"]
[SourceVersionDate "2014.10.17"]
[SourceQuality "1"]

1. Nf3 d5 2. c4 d4 3. e3 Nc6 4. exd4 Nxd4 5. Nxd4 Qxd4 6. Nc3 e5 7. d3 Be6 8. Be3 Qd7 9. Be2 f5 10. f4 exf4 11. Bxf4 Bd6 12. Qd2 Nf6 13. 0-0-0 0-0-0 14. d4 c6 15. Kb1 Bb4 16. Qc2 Rhe8 17. d5 Bxc3 18. dxe6 Qxe6 19. Rxd8+ Kxd8 20. Rd1+ Nd7 21. Bd3 1-0

[Event "Paris Apsap op 102nd"]
[Site "Paris"]
[Date "2008.08.10"]
[Round "6"]
[White "Strugnell, Carl"]
[Black "Fogel, Pierre"]
[Result "1-0"]
[WhiteElo "2194"]
[BlackElo "2155"]
[PlyCount "79"]
[EventDate "2008.07.26"]
[EventType "swiss"]
[EventRounds "9"]
[EventCountry "FRA"]
[SourceTitle "EXT 2010"]
[Source "ChessBase"]
[SourceDate "2010.11.25"]
[SourceVersion "1"]
[SourceVersionDate "2010.11.25"]
[SourceQuality "1"]

1. e4 c5 2. Nf3 d6 3. d4 cxd4 4. Nxd4 Nf6 5. Nc3 a6 6. f3 e6 7. Be3 b5 8. Qd2 Nbd7 9. g4 Nb6 10. Qf2 Nfd7 11. f4 Nc4 12. Bxc4 bxc4 13. f5 e5 14. Nc6 Qc7 15. Nb4 Bb7 16. Nbd5 Bxd5 17. Nxd5 Qc6 18. g5 c3 19. b3 a5 20. a4 Nc5 21. Qf3 Na6 22. Rd1 Nb4 23. Qe2 Be7 24. h4 Rb8 25. Bc1 Bd8 26. Ba3 Bb6 27. Bxb4 axb4 28. f6 g6 29. Nxb6 Rxb6 30. h5 gxh5 31. Rxh5 Ra6 32. Rd5 Kd8 33. Kf2 Kc7 34. Kf3 Rb6 35. Qh2 Rb7 36. Rxh7 Rxh7 37. Qxh7 Kb8 38. Qg8+ Ka7 39. Qd8 Rc7 40. Qxd6 1-0

[Event "BEL-chT 0708"]
[Site "Belgium"]
[Date "2007.09.30"]
[Round "1.8"]
[White "Fogel, Pierre"]
[Black "Gengler, Pierre"]
[Result "0-1"]
[WhiteElo "2140"]
[BlackElo "2173"]
[PlyCount "110"]
[EventDate "2007.09.30"]
[EventType "team-tourn"]
[EventRounds "11"]
[EventCountry "BEL"]
[SourceTitle "CBM 120 Extra"]
[Source "ChessBase"]
[SourceDate "2007.11.01"]
[SourceVersion "1"]
[SourceVersionDate "2007.11.01"]
[SourceQuality "1"]
[WhiteTeam "Brussels"]
[BlackTeam "Namur"]
[WhiteTeamCountry "BEL"]
[BlackTeamCountry "BEL"]

1. d4 d5 2. c4 dxc4 3. Nf3 Nf6 4. e3 Be6 5. Nc3 Nc6 6. e4 Bg4 7. Be3 e6 8. Bxc4 Bb4 9. e5 Nd5 10. Rc1 0-0 11. 0-0 Bxf3 12. Qxf3 Nb6 13. Bd3 Nxe5 14. Bxh7+ Kxh7 15. dxe5 Bxc3 16. Rxc3 Nd5 17. Qh5+ Kg8 18. Bg5 f6 19. exf6 Nxf6 20. Qe2 Qd7 21. Rd1 Nd5 22. Rh3 Qf7 23. Re1 Rae8 24. Rf3 Qg6 25. Rxf8+ Kxf8 26. h4 c6 27. Qe5 Kg8 28. g4 Qd3 29. Kg2 Qc4 30. Re4 Qxa2 31. h5 Kh7 32. h6 Rg8 33. Qxe6 Qxb2 34. Qf5+ Kh8 35. hxg7+ Qxg7 36. Re1 Rf8 37. Rh1+ Kg8 38. Qe6+ Qf7 39. Qxf7+ Rxf7 40. Kg3 Nc3 41. Be3 b5 42. g5 Ne4+ 43. Kg4 Nxf2+ 44. Bxf2 Rxf2 45. Rc1 Rf7 46. Rxc6 Rb7 47. Kf5 Kg7 48. Rg6+ Kf8 49. Rh6 Rf7+ 50. Ke6 Rb7 51. g6 Kg8 52. Rh1 b4 53. Kf6 b3 54. Rc1 Rb6+ 55. Kg5 Rb8 0-1

[Event "San Sebastian op 30th"]
[Site "San Sebastian"]
[Date "2007.04.07"]
[Round "8"]
[White "Garay Lenne, Luis Maria"]
[Black "Fogel, Pierre"]
[Result "1-0"]
[WhiteElo "1984"]
[BlackElo "2171"]
[PlyCount "107"]
[EventDate "2007.04.01"]
[EventType "swiss"]
[EventRounds "9"]
[EventCountry "ESP"]
[SourceTitle "CBM 117 Extra"]
[Source "ChessBase"]
[SourceDate "2007.05.09"]
[SourceVersion "1"]
[SourceVersionDate "2007.05.09"]
[SourceQuality "1"]

1. e4 c5 2. Nf3 d6 3. d4 cxd4 4. Nxd4 Nf6 5. Nc3 a6 6. Be2 e5 7. Nb3 Be7 8. 0-0 0-0 9. Kh1 b6 10. Be3 Bb7 11. f3 b5 12. a4 b4 13. Nd5 Nxd5 14. exd5 Nd7 15. c4 bxc3 16. bxc3 Qc7 17. c4 Nc5 18. Nxc5 dxc5 19. f4 Bd6 20. fxe5 Bxe5 21. Rb1 Bc8 22. Bd3 Bd7 23. Qc2 g6 24. Qf2 Rac8 25. Bc2 Bxh2 26. Bh6 Be5 27. Bxf8 Rxf8 28. Rbd1 Qd8 29. Rfe1 Qg5 30. Rxe5 Qxe5 31. a5 Qc3 32. Bd3 Bg4 33. Rd2 Qxa5 34. Ra2 Qc3 35. Be2 Bxe2 36. Qxe2 Rb8 37. Rc2 Rb1+ 38. Kh2 Qf6 39. g3 h5 40. Rd2 h4 41. d6 hxg3+ 42. Kg2 Qh4 43. d7 Qh2+ 44. Kf3 Rb3+ 45. Ke4 Qh4+ 46. Kd5 Qg5+ 47. Kc6 Qf6+ 48. Kxc5 Qb6+ 49. Kd5 Qb7+ 50. Ke5 Qc7+ 51. Rd6 Rb8 52. Kd5 Qb7+ 53. Kd4 Qb6+ 54. Rxb6 1-0

[Event "San Sebastian op 30th"]
[Site "San Sebastian"]
[Date "2007.04.06"]
[Round "7"]
[White "Fogel, Pierre"]
[Black "Markosian, David S"]
[Result "0-1"]
[WhiteElo "2171"]
[BlackElo "2352"]
[PlyCount "77"]
[EventDate "2007.04.01"]
[EventType "swiss"]
[EventRounds "9"]
[EventCountry "ESP"]
[SourceTitle "CBM 117 Extra"]
[Source "ChessBase"]
[SourceDate "2007.05.09"]
[SourceVersion "1"]
[SourceVersionDate "2007.05.09"]
[SourceQuality "1"]

1. c4 Nf6 2. Nc3 g6 3. g3 Bg7 4. Bg2 0-0 5. Nf3 d6 6. 0-0 e5 7. d4 Nbd7 8. e4 Re8 9. dxe5 dxe5 10. Qc2 c6 11. h3 Qc7 12. Be3 Bf8 13. Rfe1 b6 14. a3 a5 15. Nd2 Rd8 16. Ne2 Nc5 17. f4 exf4 18. gxf4 Nh5 19. f5 Bd6 20. Nf3 Re8 21. Nc3 Bg3 22. Rf1 gxf5 23. Bxc5 bxc5 24. exf5 Qf4 25. Qc1 Bxf5 26. Qxf4 Bxf4 27. Nh4 Bd7 28. Rad1 Be3+ 29. Kh2 Bd4 30. Ne4 Be6 31. b3 Rab8 32. Rd3 a4 33. Nd2 axb3 34. Bxc6 Red8 35. Kg2 b2 36. Nf5 Be5 37. Bd5 Nf4+ 38. Rxf4 Bxf4 39. Nb1 0-1

[Event "San Sebastian op 30th"]
[Site "San Sebastian"]
[Date "2007.04.05"]
[Round "6"]
[White "Villanueva Arguinberri, Bruno"]
[Black "Fogel, Pierre"]
[Result "0-1"]
[WhiteElo "1909"]
[BlackElo "2171"]
[PlyCount "50"]
[EventDate "2007.04.01"]
[EventType "swiss"]
[EventRounds "9"]
[EventCountry "ESP"]
[SourceTitle "CBM 117 Extra"]
[Source "ChessBase"]
[SourceDate "2007.05.09"]
[SourceVersion "1"]
[SourceVersionDate "2007.05.09"]
[SourceQuality "1"]

1. d4 Nf6 2. Nf3 e6 3. c4 d5 4. cxd5 exd5 5. Bg5 Be7 6. Nc3 c6 7. Bxf6 Bxf6 8. e3 Bf5 9. Bd3 Bxd3 10. Qxd3 0-0 11. 0-0 Nd7 12. b4 a6 13. a4 g6 14. b5 Qa5 15. Rac1 Nb6 16. Nd2 Nxa4 17. bxc6 bxc6 18. Ra1 Qxc3 19. Qe2 Nb2 20. Rfc1 Qd3 21. Qxd3 Nxd3 22. Rxc6 Be7 23. Rcxa6 Rxa6 24. Rxa6 Rc8 25. Kf1 Rc2 0-1

[Event "San Sebastian op 30th"]
[Site "San Sebastian"]
[Date "2007.04.03"]
[Round "3"]
[White "Jerez Perez, Alfonso"]
[Black "Fogel, Pierre"]
[Result "1-0"]
[WhiteElo "2413"]
[BlackElo "2171"]
[PlyCount "59"]
[EventDate "2007.04.01"]
[EventType "swiss"]
[EventRounds "9"]
[EventCountry "ESP"]
[SourceTitle "CBM 117 Extra"]
[Source "ChessBase"]
[SourceDate "2007.05.09"]
[SourceVersion "1"]
[SourceVersionDate "2007.05.09"]
[SourceQuality "1"]

1. e4 c5 2. c3 g6 3. d4 cxd4 4. cxd4 d5 5. exd5 Nf6 6. Nc3 Nxd5 7. Qb3 Nxc3 8. Bc4 e6 9. bxc3 Be7 10. Bh6 Bf8 11. Bxf8 Kxf8 12. Nf3 Nc6 13. 0-0 Kg7 14. Bb5 Qd6 15. Rfd1 a6 16. Bxc6 Qxc6 17. c4 b5 18. d5 Qxc4 19. Qb2+ f6 20. Rac1 Qf4 21. Rd4 Qb8 22. dxe6 Bxe6 23. Rc6 Bf5 24. Rxf6 Kxf6 25. Re4+ Kf7 26. Ng5+ Kg8 27. Qb3+ Kg7 28. Qf7+ Kh6 29. Rh4+ Kxg5 30. Qe7# 1-0